HIV/AIDS and the curriculum : (Record no. 4084)

MARC details
000 -LEADER
fixed length control field 02263cam a22003257a 4500
001 - CONTROL NUMBER
control field 13767985
003 - CONTROL NUMBER IDENTIFIER
control field OSt
005 - DATE AND TIME OF LATEST TRANSACTION
control field 20250203104232.0
008 - FIXED-LENGTH DATA ELEMENTS--GENERAL INFORMATION
fixed length control field 041101s2003 sz b 000 0 eng d
010 ## - LIBRARY OF CONGRESS CONTROL NUMBER
LC control number 2004450997
020 ## - INTERNATIONAL STANDARD BOOK NUMBER
International Standard Book Number 2825413917
035 ## - SYSTEM CONTROL NUMBER
System control number (OCoLC)ocm53986473
040 ## - CATALOGING SOURCE
Original cataloging agency DWT
Transcribing agency DWT
Modifying agency PLT
-- DLC
042 ## - AUTHENTICATION CODE
Authentication code lccopycat
050 00 - LIBRARY OF CONGRESS CALL NUMBER
Classification number RA643.8
Item number .H572 2003
082 00 - DEWEY DECIMAL CLASSIFICATION NUMBER
Classification number 362.196/9792
Edition number 22
245 00 - TITLE STATEMENT
Title HIV/AIDS and the curriculum :
Remainder of title methods of integrating HIV/AIDS in theological programmes /
Statement of responsibility, etc. edited by Musa W. Dube.
260 ## - PUBLICATION, DISTRIBUTION, ETC. (IMPRINT)
Place of publication, distribution, etc. Geneva :
Name of publisher, distributor, etc. WCC Publications,
Date of publication, distribution, etc. c2003.
300 ## - PHYSICAL DESCRIPTION
Extent xiii, 173 p. ;
Dimensions 22 cm.
504 ## - BIBLIOGRAPHY, ETC. NOTE
Bibliography, etc Includes bibliographical references.
505 0# - FORMATTED CONTENTS NOTE
Formatted contents note Introduction: Towards multi-sectoral teaching in a time of HIV/AIDS / Musa W. Dube -- Teaching and talking about our sexuality: a means of combating HIV/AIDS / Agrippa K. Khathide -- Methods of integrating HIV/AIDS in biblical studies / Musa W. Dube -- Does the Hebrew Bible have anything to tell us about HIV/AIDS? / Johanna Stiebert -- Prophecy as a method speaking about the HIV/AIDS epidemic in southern Africa / Madipoane Masenya (ngwanaʾ Mphahlele) -- The prophetic method in the New Testament / Musa W. Dube -- Towards an HIV/AIDS-sensitive curriculum / Tinyiko Sam Maluleke -- Facing the challenges of HIV/AIDS in southern Africa: towards a theology of life / Moji A. Ruele -- Culture, gender and HIV/AIDS: understanding and acting on the issues / Musa W. Dube -- Social location as a story-telling method of teaching in HIV/AIDS contexts / Musa W. Dube -- Pastoral care and counselling / Larry R. Colvin -- Hopeful compassion: spiritual care for the person living with HIV/AIDS / André E. de la Porte -- Project design and management / Prisca Mokgadi -- An HIV and AIDS curriculum for theological institutions in Africa.
650 #0 - SUBJECT ADDED ENTRY--TOPICAL TERM
Topical term or geographic name as entry element AIDS (Disease)
General subdivision Religious aspects
-- Christianity.
650 #0 - SUBJECT ADDED ENTRY--TOPICAL TERM
Topical term or geographic name as entry element AIDS (Disease)
General subdivision Patients
-- Pastoral counseling of.
650 #0 - SUBJECT ADDED ENTRY--TOPICAL TERM
Topical term or geographic name as entry element Theological seminaries
Form subdivision Curricula.
700 1# - ADDED ENTRY--PERSONAL NAME
Personal name Dube, Musa Wenkosi.
710 2# - ADDED ENTRY--CORPORATE NAME
Corporate name or jurisdiction name as entry element World Council of Churches.
906 ## - LOCAL DATA ELEMENT F, LDF (RLIN)
a 7
b cbc
c copycat
d 3
e ncip
f 20
g y-gencatlg
942 ## - ADDED ENTRY ELEMENTS (KOHA)
Source of classification or shelving scheme Dewey Decimal Classification
Koha item type Books
Holdings
Withdrawn status Lost status Source of classification or shelving scheme Damaged status Not for loan Home library Current library Date acquired Total Checkouts Full call number Barcode Date last seen Price effective from Koha item type
    Dewey Decimal Classification     Bunge Tower Library Bunge Tower Library 02/03/2025   362.196 2025/0044 02/03/2025 02/03/2025 Books
LIBRARY OPENING HOURS

When the Parliament is sitting: 8.00a.m - 7.00p.m or until the house adjourns
Mondays and Fridays and when the House is on Recess:  8.00a.m - 5.00p.m
Closed on Weekends and Public Holidays

Online Public Access Catalog (OPAC)
Website: http://www.parliament.go.ke
Bunge Library: https://libraryir.parliament.go.ke
Contact: library@parliament.go.ke | Tel no: (254-2)2221291 or 2848000 Ext 5043